| 000 | 00636nam a2200205Ia 4500 | ||
|---|---|---|---|
| 003 | GCL | ||
| 005 | 20240530102315.0 | ||
| 008 | 140319s1982 ua 000 0 ara d | ||
| 017 |
_a1982/2244 _bمصر. دار الكتب |
||
| 020 | _a9777358660 | ||
| 040 |
_aGCL / _cGCL |
||
| 082 | 0 | 4 |
_a810.1/ _bج ص |
| 100 | 0 | _aجلال العشرى | |
| 245 | 1 | 0 |
_aصرخات فى وجة العصر / _cجلال العشرى |
| 260 |
_aالقاهرة: _bدار المعارف ، _c1982 |
||
| 300 |
_a312 ص. ؛ _c24 سم |
||
| 490 | 0 |
_aمكتبة الدراسات الادبية؛ _v85 |
|
| 650 | 0 | 4 | _aالادب العربى |
| 942 |
_2ddc _cBK |
||
| 999 |
_c31316 _d31316 |
||